000 00759nam a2200241Ia 4500
003 OSt
005 20220923223018.0
006 a|||||r|||| 00| 0
007 ta
008 220922b |||||||| |||| 00| 0 hin d
024 _a209,945
037 _cTextual
040 _aARTS
_cARTS
_bhin
041 _2hin
_ahin
082 _aO152,3NJA5,EN, L6
100 _aजैन, महावीर प्रसाद
245 0 _aएक नियति
246 _aEk niyati
260 _aदिल्ली
_b प्रवीण प्रका0
_c1976
650 _aहिन्दी साहित्य
_9156264
942 _hO152,3NJA5,EN, L6
_cTEXL
_2CC
999 _c360494
_d360494